000 004270000a22001810004500
003 MACL
005 20160123124012.0
008 160123b xxu||||| |||| 00| 0 eng d
040 _aMACL
_cMACL
041 _aEnglish
082 _a540/HIL
100 _aKapila, B
_934252
245 _aObjective Chemistry
260 _bS. Dinesh & Co.
_aNew Delhi
350 _a419
650 _aChemistry
_934253
942 _cBK
_k540/Kap
_2ddc
999 _c32722
_d32722